01230nam a2200265Ia 450000500170000000800410001702000180005804000180007604100080009408200240010224501250012625000120025126000350026330000270029865000480032565000500037365000500042370000340047370000330050770000320054094200330057299900190060595201700062495201700079420220905105103.0210716s2009 xx 000 0 und d a9788184891919 cAIMIT LIBRARY aeng a574.87322 21bDUBW aFundamentals of data mining in genomics and proteomics /cEdited by Werner Dubitzky, Martin Granzow and Daniel P Berrar. a1st ed. aNew Delhi :bSpringer ,c2009. axix ,281p. ;c22.5 cm. aPro- processsing DNA microarray data956532 aText minibg in genomics and production956533 aText mining in genomics and proteomics956534 aDubitzky, Werner., ed.956535 aGranzow, Martin., ed.956536 aBerrar, Daniel., ed.956537 2ddccBKe1stk574.87322 DUBW c190954d190954 00102ddc40708MCAaAIMITbAIMITeAthulya Booksg595.00iBill no:ABK 544; Bill dt:2010-09l0o574.87322 DUBWpMCA09001r2025-07-21 00:00:00v446.25w2021-07-16yBK 00102ddc40708MCAaAIMITbAIMITeAthulya Booksg595.00iBill no:ABK 544; Bill dt:2010-09l0o574.87322 DUBWpMCA10462r2025-07-21 00:00:00v446.25w2021-07-16yBK